All Incorporated Municipalities of Putnam County, New York - Statistics

General Stats
  • This quiz has been taken 32 times
  • The average score is 6 of 9
Answer Stats
Answer % Correct
Brewster
88%
Cold Spring
88%
Carmel
81%
Kent
69%
Philipstown
69%
Putnam Valley
69%
Patterson
63%
Southeast
63%
Nelsonville
50%
No matching quizzes found
Score Distribution
Percent of People with Each Score
Percentile by Number Answered
Your Score History
You have not taken this quiz